| 000 | 00544nam a22001937a 4500 | ||
|---|---|---|---|
| 003 | OSt | ||
| 005 | 20160209192633.0 | ||
| 008 | 160209b xxu||||| |||| 00| 0 eng d | ||
| 020 | _a0340761652 | ||
| 040 | _cDDC | ||
| 082 | _a320.5POL2000. | ||
| 100 |
_aEdited by Phillip,Scott;Sullivan,Sian; _96755 |
||
| 245 |
_aPolitical Ecology. _bScience,Myth and Power; |
||
| 260 |
_aNew York; _bAnold; _c2000 |
||
| 300 |
_a276p; _bill; _c25cm |
||
| 504 | _aincludes notes references and index. | ||
| 650 |
_aPolitical Science. _96756 |
||
| 942 |
_2ddc _cSLOAN |
||
| 999 |
_c3016 _d3016 |
||